Players to Win the Golden Boot Award in Multiple Top 5 Leagues - Statistics

General Stats
  • This quiz has been taken 319 times
    68 since last reset
  • The average score is 12 of 14
Answer Stats
Player % Correct
Cristiano Ronaldo
100%
Robert Lewandowski
98%
Luis Suárez
97%
Zlatan Ibrahimović
97%
Harry Kane
95%
Kylian Mbappé
95%
Pierre-Emerick Aubameyang
93%
Edinson Cavani
90%
Edin Džeko
89%
Karim Benzema
87%
Ruud van Nistelrooy
87%
Luca Toni
64%
Christian Vieri
48%
Márcio Amoroso
21%
No matching quizzes found
Score Distribution
Percent of People with Each Score
Percentile by Number Answered
Your Score History
You have not taken this quiz since the last reset